Statistics for Country Names with no Repeated Letters (map)

Click here to take the quiz!

General Stats

  • This quiz has been taken 216 times
  • The average score is 44 of 54

Answers on the Map

Answers color-coded by a green-red scale on the quiz's map according to % correct below.
 

Answer Stats

Country% Correct
Italy
95%
Brazil
94%
France
94%
Mexico
94%
Norway
94%
Spain
94%
Chile
93%
China
93%
Germany
93%
Portugal
93%
Denmark
92%
Iceland
92%
Egypt
91%
Ireland
91%
Peru
91%
Poland
91%
Iran
89%
Iraq
89%
Libya
89%
Oman
89%
Turkey
89%
Nepal
88%
Ukraine
87%
Belarus
86%
Belgium
86%
Sudan
86%
Chad
85%
Mali
85%
Switzerland
85%
Ecuador
84%
Laos
84%
Vietnam
83%
Syria
82%
Estonia
81%
Honduras
81%
Niger
81%
Suriname
81%
Cuba
80%
Jordan
80%
Kenya
80%
Hungary
79%
Bhutan
77%
Israel
77%
Serbia
75%
Gabon
72%
Uzbekistan
71%
Slovenia
69%
Guinea
66%
Kuwait
66%
Cyprus
64%
Brunei
55%
Tonga
55%
Maldives
46%
Singapore
38%

Score Distribution

Percentile by Number Answered

Percent of People with Each Score

Your Score History

You have not taken this quiz